000 00435cam a22001217a 4500
008 180718b2003 xxu||||| |||| 00| 0 eng d
082 _aAB L324
100 _aLari, Sayyid Mujtaba Musavi
245 _aSeal of the prophets and his message: lessons on islamic doctrine
_cby Sayyid Mujtaba Musavi Lari
260 _aQom, I.R.
_bFoundation of Islamic Cultural Propagation in the World
_c2003
300 _a195p.
650 _aIslam - Doctrines
999 _c492762
_d492762